<?xml version="1.0" encoding="UTF-8"?>
<collection xmlns="http://www.loc.gov/MARC21/slim">
 <record>
  <leader>01791nam a2200193Ia 4500</leader>
  <controlfield tag="001">CTU_232646</controlfield>
  <controlfield tag="008">210402s9999    xx            000 0 und d</controlfield>
  <datafield tag="082" ind1=" " ind2=" ">
   <subfield code="a">005.2</subfield>
  </datafield>
  <datafield tag="082" ind1=" " ind2=" ">
   <subfield code="b">M626</subfield>
  </datafield>
  <datafield tag="110" ind1=" " ind2=" ">
   <subfield code="a">Microsoft Corporation.</subfield>
  </datafield>
  <datafield tag="245" ind1=" " ind2="0">
   <subfield code="a">Développer des applications Web avec Microsoft Visual Basic.NET et Microsoft Visual C#.NET</subfield>
  </datafield>
  <datafield tag="245" ind1=" " ind2="0">
   <subfield code="c">Microsoft Corporation.</subfield>
  </datafield>
  <datafield tag="260" ind1=" " ind2=" ">
   <subfield code="a">Dunod</subfield>
  </datafield>
  <datafield tag="260" ind1=" " ind2=" ">
   <subfield code="b">Microsoft Press</subfield>
  </datafield>
  <datafield tag="260" ind1=" " ind2=" ">
   <subfield code="c">2003</subfield>
  </datafield>
  <datafield tag="520" ind1=" " ind2=" ">
   <subfield code="a">Cet ouvrage présente sous forme de leçons la méthodologie pour écrire des applications Web en Visual Basic .NET et Visual C Sharp. Le contenu de cet ouvrage permet de se préparer à un des examens principaux des certifications MCAD (Application Developper) et MCSD (Solution Developper). Les utilisateurs choisiront de passer l'examen 70-305 ou 70-315 selon que leur choix se portera sur Visual Basic .NET ou Visual C Sharp. Ce manuel s'adresse aussi et principalement à tous les développeurs qui ne passent pas des certifications mais qui cherchent à s'autoformer. Sommaire : Présentation de la programmation d'applications Web; Création d'applications Web Forms; Objets Web; Création de l'interface utilisateur; Stockage des données avec ADO.NET; Interception et correction des erreurs; Programmation avancée avec Web Forms; Gestion de la sécurité; Génération et déploiement des applications Web; Test des applications Web; Création de contrôles Web personnalisés; Applications multimédias; Formatage de la sortie d'une application Web; Construire une aide en ligne; Internationalisation des applications Web.</subfield>
  </datafield>
  <datafield tag="650" ind1=" " ind2=" ">
   <subfield code="a">BASIC (ngôn ngữ chương trình máy tính),BASIC (Computer program language)</subfield>
  </datafield>
  <datafield tag="910" ind1=" " ind2=" ">
   <subfield code="b">dqhieu</subfield>
  </datafield>
  <datafield tag="980" ind1=" " ind2=" ">
   <subfield code="a">Trung tâm Học liệu Trường Đại học Cần Thơ</subfield>
  </datafield>
 </record>
</collection>
